00476nam a2200145Ia 4500008004100000020001800041082001500059100002500074245005800099260001200157500001000169942000700179952012900186999001500315260604s9999 xx 000 0 und d a9780143452133 a153.42 FOR aDarius foroux935963 0aThink Straight: Change your thoughts Change your life bPenguin aThink cBK 00104070aIIMVbIIMVcGENERALd2026-06-04g250.00l0o153.42 FORp004422r2026-06-04 10:21:43v250.00w2026-06-04yBKBFOR c8804d8804